书目信息 |
| 题名: |
启功谈艺录:张志和学书笔记
|
|
| 作者: | 张志和 | |
| 分册: | ||
| 出版信息: | 北京 中国社会科学出版社 2007.03 |
|
| 页数: | 190页 | |
| 开本: | 20cm | |
| 丛书名: | ||
| 单 册: | ||
| 中图分类: | J292.1 | |
| 科图分类: | ||
| 主题词: | 书法--中国 , 篆刻--中国 | |
| 电子资源: | ||
| ISBN: | 7-5004-6008-2 | |
| 000 | 00620nam0 2200205 450 | |
| 001 | 1433255536 | |
| 005 | 20141231091608.12 | |
| 010 | @a7-5004-6008-2@dCNY28.00 | |
| 100 | @a20141231d2007 km y0chiy0120 ea | |
| 101 | 0 | @achi |
| 102 | @aCN@b110000 | |
| 200 | 1 | @a启功谈艺录:张志和学书笔记@Aqi gong tan yi lu:zhang zhi he xue shu bi ji@f张志和@Fzhang zhi he |
| 210 | @a北京@c中国社会科学出版社@d2007.03 | |
| 215 | @a190页@d20cm | |
| 606 | 0 | @a书法@x中国 |
| 606 | 0 | @a篆刻@x中国 |
| 690 | @aJ292.1@v4 | |
| 701 | 0 | @a张志和@Azhang zhi he |
| 801 | 0 | @aCN@b大连网信软件有限公司图书馆·11@c20141231 |
| 905 | @aZUCC@dJ292.1@eZ252 | |
| 启功谈艺录:张志和学书笔记/张志和.-北京:中国社会科学出版社,2007.03 |
| 190页;20cm |
| ISBN 7-5004-6008-2:CNY28.00 |
| ● |
| 相关链接 |
|
|
|
正题名:启功谈艺录:张志和学书笔记
索取号:J292.1/Z252
 
预约/预借
| 序号 | 登录号 | 条形码 | 馆藏地/架位号 | 状态 | 备注 |
| 1 | 495159 | 204951597 | 社科库309/309社科库 79排1列4层/ [索取号:J292.1/Z252] | 在馆 |